[Event "Zweibruecken PSB-ch HT4 82nd"]
[Site "Zweibruecken"]
[Date "2013.03.22"]
[Round "1"]
[White "Guthmann, Andreas"]
[Black "Porcher, Ernst Michael"]
[Result "1-0"]
[WhiteElo "1881"]
[BlackElo "1564"]
[PlyCount "45"]
[EventDate "2013.??.??"]
[EventType "swiss"]
[EventRounds "7"]
[EventCountry "GER"]
[SourceTitle "EXT 2014"]
[Source "ChessBase"]
[SourceDate "2013.11.20"]
[SourceVersion "1"]
[SourceVersionDate "2013.11.20"]
[SourceQuality "1"]

1. d4 Nf6 2. c4 e5 3. dxe5 Ng4 4. e4 Nxe5 5. Be3 Bb4+ 6. Nd2 Qh4 7. Ngf3 Qxe4 8. Nxe5 Qxe5 9. Bd3 0-0 10. 0-0 Bxd2 11. Qxd2 d6 12. f4 Qe7 13. Bd4 f5 14. Rae1 Qf7 15. Re3 Nc6 16. Bc3 g6 17. b4 a6 18. Bb2 d5 19. cxd5 Ne7 20. Qc3 Qf6 21. Qxf6 Rxf6 22. Bxf6 Nxd5 23. Bc4 1-0